Cartas al exelentísimo Señor don Pedro Montt sobre la crisis moral de Chile en sus relaciones con el problema económico de la conversión metalica
Saved in:
| Hovedforfatter: | |
|---|---|
| Format: | Bog |
| Sprog: | spansk |
| Udgivet: |
Valparaíso, Chile
Soc. Imprenta y Litografía Universo
1909
|
| Fag: | |
| Tags: |
Tilføj Tag
Ingen Tags, Vær først til at tagge denne postø!
|
MARC
| LEADER | 00000nam a2200000 a 4500 | ||
|---|---|---|---|
| 001 | UCX2190 | ||
| 003 | CL-VaPUC | ||
| 005 | 20200703091253.0 | ||
| 008 | 910401e19090000CL |||||||||||||||||spa|d | ||
| 999 | |c 223269 |d 223267 | ||
| 040 | |c Pontificia Universidad Católica de Valparaíso | ||
| 082 | 0 | 4 | |a 983.063 VAL 1909 |2 21 |
| 100 | 0 | |a Valdes Cange, J |e author |9 318034 | |
| 245 | 1 | 0 | |a Cartas al exelentísimo Señor don Pedro Montt sobre la crisis moral de Chile en sus relaciones con el problema económico de la conversión metalica |
| 260 | |a Valparaíso, Chile |b Soc. Imprenta y Litografía Universo |c 1909 | ||
| 300 | |a volúmenes | ||
| 583 | |a last modification |c 19910401 00:00:00 |k Rodrigo Vera | ||
| 650 | 7 | |a HISTORIA DE CHILE |2 CL-VaPUC |9 318035 |x CORRESPONDENCIA |y 1906-1910 | |
| 852 | |a BIBCUR | ||
| 942 | |c BK |2 ddc | ||
| 945 | |d 19910401 00:00:00 | ||
| 952 | |0 0 |1 0 |2 ddc |4 0 |6 983_063000000000000_VAL_1909 |7 0 |8 X |9 218885 |a BIBHIS |b BIBHIS |d 2019-11-15 |h v.1 |i 2876833 |o 983.063 VAL 1909 |p 2876833 |r 2024-01-30 |t 1 |w 2019-11-15 |y BK_X |k HIS | ||